Generačná výmena v praxi: Ako úspešne odovzdať riadenie rodinnej firmy?

Gespeichert in:
Bibliographische Detailangaben
Format: Buch
Sprache:Slowakisch
Veröffentlicht: Bratislava Slovak Business Agency 2023
Ausgabe:1. vydanie
Schlagworte:
Tags: Tag hinzufügen
Keine Tags, Fügen Sie das erste Tag hinzu!

MARC

LEADER 00000nam a2200000 4500
001 0296899
005 20240416114213.1
020 |a 978-80-99933-10-2 
041 0 |a slo 
044 |a SK 
245 1 0 |a Generačná výmena v praxi: Ako úspešne odovzdať riadenie rodinnej firmy? 
250 |a 1. vydanie 
264 1 |a Bratislava  |b Slovak Business Agency  |c 2023 
300 |a 95 s. 
610 2 0 |a podnikanie rodinné 
610 2 0 |a podnikanie súkromné 
610 2 0 |a riadenie podnikové 
610 2 0 |a nástupníctvo podnikové 
610 2 0 |a politika podnikania 
610 2 0 |a politika podniková 
610 2 0 |a lídri 
610 2 0 |a riadenie zmien 
610 2 0 |a kultúra podniková 
610 2 0 |a stratégia podniková 
610 2 0 |a ciele podnikové 
610 2 0 |a odmeňovanie